Find the US State Capitals Quiz Stats

 Plays Quiz Updated Mar 18, 2020

Support Sporcle.
Go Orange.
Score 0/50 Timer 07:00
27 Plays Today
% Correct
Austin
84.2%
Honolulu
84.2%
Sacramento
82.3%
Oklahoma City
82.2%
Phoenix
81.6%
Nashville
80.3%
Atlanta
79.4%
Indianapolis
78.9%
Salt Lake City
78.9%
Santa Fe
77.6%
Denver
77.4%
Juneau
77.3%
Tallahassee
77.1%
Boston
76.8%
Albany
75.8%
Olympia
75.4%
Boise
74.5%
Baton Rouge
74.4%
Columbus
73%
Little Rock
73%
Helena
71.1%
Salem
70.6%
Carson City
69.7%
Richmond
69.4%
Providence
69.4%
% Correct
Jackson
69.3%
Saint Paul
68.8%
Montgomery
68.7%
Cheyenne
68.2%
Bismarck
68.1%
Raleigh
67.9%
Springfield
67.6%
Topeka
67.2%
Lansing
67%
Des Moines
66.9%
Lincoln
66.6%
Madison
66.5%
Augusta
66.2%
Harrisburg
65.7%
Pierre
64.4%
Trenton
64.2%
Hartford
63.5%
Frankfort
63.3%
Dover
62.2%
Montpelier
62.2%
Columbia
61.8%
Annapolis
61.5%
Jefferson City
59.4%
Concord
58.5%
Charleston
55.1%

From the Vault

Animal Species - Odd One Out

by Rackie

Science 5m
One of these species just doesn't belong.
Remove Ads.
Support Sporcle.
Get the best of Sporcle when you Go Orange. This ad-free experience offers more features, more stats, and more fun while also helping to support Sporcle. Thank you for becoming a member.

Show Comments

Extras

Top Quizzes Today


Score Distribution

Your Account Isn't Verified!

In order to create a playlist on Sporcle, you need to verify the email address you used during registration. Go to your Sporcle Settings to finish the process.

Report this User

Report this user for behavior that violates our Community Guidelines.

Details: